000 00539nam a2200169 a 4500
008 120416s1980 ||||||||||||||||| || u
050 _aHF 5667 Joh
100 _aJohnson, Alan P
245 1 0 _aAuditing judgment
246 _aa book of cases
260 _aHomewood
_bIrwin
_c1980
300 _axix, 385p. : ill.
350 _a0.00
650 _aAUDITING
650 _aTEXTBOOKS
995 _D0.00
_FCBU-MAIN LIBRARY (Kitwe)
_H1
_I0.00
_M1
_UAVAILABLE
_ZAnnex Low-Usage Collection
999 _c35307
_d35307